<?xml version="1.0" encoding="UTF-8"?>
<collection xmlns="http://www.loc.gov/MARC21/slim">
 <record>
  <leader>00495pamaa2200169   4500</leader>
  <controlfield tag="001">0000017225</controlfield>
  <controlfield tag="005">20060421090000.0</controlfield>
  <datafield tag="020" ind1="0" ind2="0">
   <subfield code="a">0802057853 </subfield>
  </datafield>
  <datafield tag="082" ind1=" " ind2=" ">
   <subfield code="a">907.2024 TOY 1989</subfield>
  </datafield>
  <datafield tag="090" ind1="0" ind2="0">
   <subfield code="a">CB18.T65 </subfield>
   <subfield code="b">TOY 1989</subfield>
  </datafield>
  <datafield tag="245" ind1="0" ind2="0">
   <subfield code="a">TOYNBEE : </subfield>
   <subfield code="b">reappraisals  </subfield>
   <subfield code="c">edited by C.T. McIntire and Marvin Perry.</subfield>
  </datafield>
  <datafield tag="260" ind1="0" ind2="0">
   <subfield code="a">Toronto: </subfield>
   <subfield code="b">University of Toronto Press, </subfield>
   <subfield code="c">1989.</subfield>
  </datafield>
  <datafield tag="300" ind1=" " ind2=" ">
   <subfield code="a">vii, 254p.: </subfield>
   <subfield code="b">24cm.</subfield>
  </datafield>
  <datafield tag="600" ind1="0" ind2="0">
   <subfield code="a">Toynbee, Arnold J</subfield>
  </datafield>
  <datafield tag="650" ind1="0" ind2="0">
   <subfield code="a">Historiography </subfield>
  </datafield>
  <datafield tag="700" ind1="1" ind2="1">
   <subfield code="a">McIntire, </subfield>
   <subfield code="h">C.T. </subfield>
  </datafield>
  <datafield tag="700" ind1="1" ind2="1">
   <subfield code="a">Perry, </subfield>
   <subfield code="h">Marvin </subfield>
  </datafield>
 </record>
</collection>
